|
|
|
|
| LEADER |
01617nam a2200457 a 4500 |
| 001 |
nkc20061684894 |
| 003 |
CZ PrNK |
| 005 |
20070129092859.0 |
| 007 |
ta |
| 008 |
060808s2006 xr f 001 0 cze |
| 015 |
|
|
|a cnb001684894
|
| 020 |
|
|
|a 80-86845-44-3
|q (váz.)
|
| 035 |
|
|
|a (OCoLC)85711654
|
| 040 |
|
|
|a ABA001
|b cze
|d BOA001
|
| 043 |
|
|
|a n------
|
| 072 |
|
7 |
|a 821.111(73).09
|x Americká literatura (o ní)
|2 Konspekt
|9 11
|
| 080 |
|
|
|a 821.111(73)-1
|2 MRF
|
| 080 |
|
|
|a 821.111-1
|2 MRF
|
| 080 |
|
|
|a 82.09
|2 MRF
|
| 080 |
|
|
|a (7)
|2 MRF
|
| 080 |
|
|
|a (048.8)
|2 MRF
|
| 100 |
1 |
|
|a Flajšar, Jiří,
|d 1975-
|7 jn20001103486
|4 aut
|
| 245 |
1 |
0 |
|a Dějiny americké poezie /
|c Jiří Flajšar
|
| 250 |
|
|
|a Vyd. 1.
|
| 260 |
|
|
|a Ústí nad Orlicí :
|b Oftis,
|c 2006
|
| 300 |
|
|
|a 368 s. ;
|c 21 cm
|
| 504 |
|
|
|a Obsahuje bibliografii, bibliografické odkazy a rejstřík
|
| 650 |
0 |
7 |
|a americká poezie
|7 ph118382
|x dějiny
|2 czenas
|
| 650 |
0 |
7 |
|a anglicky psaná poezie
|7 ph117174
|z Severní Amerika
|2 czenas
|
| 650 |
0 |
7 |
|a literárněvědné rozbory
|7 ph138745
|2 czenas
|
| 650 |
0 |
9 |
|a American poetry
|x history
|2 eczenas
|
| 650 |
0 |
9 |
|a poetry in English
|z North America
|2 eczenas
|
| 650 |
0 |
9 |
|a literary criticism and history
|2 eczenas
|
| 655 |
|
7 |
|a studie
|7 fd133597
|2 czenas
|
| 655 |
|
9 |
|a studies
|2 eczenas
|
| 910 |
2 |
|
|a BOA001
|b 2-1176.148
|
| 990 |
|
|
|a BK
|
| 995 |
|
|
|a 01
|
| 991 |
|
|
|b 200611
|c NOV
|
| 996 |
6 |
|
|b 2610292975
|c 2-1176.148
|l MZK
|r HSS 4p
|n 0
|p p.v.
|h 821.111 FLA
|w 000830156
|u 000010
|a 0
|e BOA001
|j MZK50
|s P
|
| 996 |
7 |
|
|b 2610294178
|c 2-1176.148
|l MZK
|r Sklad / do 1 hodiny
|n 7
|p kup
|w 000830156
|u 000020
|a 1
|e BOA001
|j MZK50
|s A
|